| 000 -LEADER |
| fixed length control field |
00568nam a22001937a 4500 |
| 008 - FIXED-LENGTH DATA ELEMENTS--GENERAL INFORMATION |
| fixed length control field |
131031b xxu||||| |||| 00| 0 ger d |
| 020 ## - INTERNATIONAL STANDARD BOOK NUMBER |
| International Standard Book Number |
3540188371 |
| 020 ## - INTERNATIONAL STANDARD BOOK NUMBER |
| International Standard Book Number |
0387188371 |
| 041 1# - LANGUAGE CODE |
| Language code of text/sound track or separate title |
ger |
| 080 ## - UNIVERSAL DECIMAL CLASSIFICATION NUMBER |
| Universal Decimal Classification number |
330.101.541 |
| 100 1# - Rafti |
| Rafti |
Westphal, Uwe. |
| 245 10 - TITLE STATEMENT |
| Title |
Makroökonomik : |
| Statement of responsibility, etc |
Uwe Westphal. |
| 260 ## - |
| -- |
Berlin ; |
| -- |
New York : |
| -- |
Springer, |
| -- |
1988. |
| 300 ## - |
| -- |
530 p. ; |
| -- |
25 cm. |
| 500 ## - |
| -- |
Vorwort : f. [V] - VII |
| 505 ## - |
| -- |
Includes bibliographical references and index. |
| 650 ## - |
| -- |
Makroekonomia |
| 942 ## - ADDED ENTRY ELEMENTS (KOHA) |
| Source of classification or shelving scheme |
|
| Item type |
Books |